|
|
|
|
| LEADER |
00849nab a2200205 i 4500 |
| 001 |
publ9723 |
| 005 |
20200121094203.0 |
| 008 |
161006s2015 hu o 0|| zxx d |
| 022 |
|
|
|a 0133-3666
|
| 024 |
7 |
|
|a 3041227
|2 mtmt
|
| 040 |
|
|
|a SZTE Publicatio Repozitórium
|b hun
|
| 041 |
|
|
|a zxx
|
| 100 |
1 |
|
|a Csikós Nádor
|
| 245 |
1 |
0 |
|a Szélerőmű-park kialakítására alkalmas terület kiválasztása geoinformatikai módszerekkel Csongrád megye példáján
|h [elektronikus dokumentum] /
|c Csikós Nádor
|
| 260 |
|
|
|c 2015
|
| 300 |
|
|
|a 98-103
|
| 490 |
0 |
|
|a LÉGKÖR: AZ ORSZÁGOS METEOROLÓGIAI INTÉZET SZAKMAI TÁJÉKOZTATÓJA
|v 60 No. 2
|
| 700 |
0 |
1 |
|a Szilassi Péter
|e aut
|
| 856 |
4 |
0 |
|u http://publicatio.bibl.u-szeged.hu/9723/1/legkorSZP_u.pdf
|z Dokumentum-elérés
|
| 856 |
4 |
0 |
|u http://publicatio.bibl.u-szeged.hu/9723/2/legkorcimlap_u.pdf
|z Dokumentum-elérés
|